000 00423nam a2200169Ia 4500
008 230524s9999 xx 000 0 und d
082 _a330.33
_bMEH
100 _aPradeep Kumar Mehta
_942694
245 0 _aMicro Economics
250 _a1
260 _aNew Delhi
_bTaxman
_c2016
300 _a324p:
500 _aQuantity Number: 1
650 _aEconomics
700 _a"Meena Singh , K.C.Mishra"
_942695
942 _cBK
999 _c57683
_d57683